00969nam a2200241 a 450000500170000000800410001702000080005804100080006610000290007424500610010325000110016426000380017530000150021350001180022865300280034665300280037465300250040265300240042765300250045165300300047665302000050670000210070620240325103351.0100326t1950 ag a f||||||||||||spa d aS/N aspa1 aPadilla, Tiburcio.eDir. aSindromes Clínicos.b(en esquemas) /cTiburcio Padilla a6a ed. aBuenos Aires: bEl Ateneo;c1950. a75 p.bil. aPadilla, T. y Cossio, P. (Dir.). (1950). Síndromes Clínicos. En esquemas. (6a ed.). Buenos Aires : El Ateneo. aSindromes circulatorios aSindromes respiratorios aSindromes digestivos aSindromes nerviosos aSindromes endocrinos aSindromes de avitaminosos aMiscelanea: Sindrome de deshidratación. Acidosis. Alcalosis. Mieloma múltiple. Osteítis deformante. Sindrome de insuficiencia renal. Glomérulonefritis aguda (nefritis hemorrágica aguda)1 aCossio, P.eDir.